[Event "167th YMCA Spring A"]
[Site "Warsaw"]
[Date "2016.04.08"]
[Round "1"]
[White "Choroszej, Aleksander"]
[Black "Kokoszczynski, Jan"]
[Result "1/2-1/2"]
[WhiteElo "1959"]
[BlackElo "1983"]
[PlyCount "90"]
[EventDate "2016.04.07"]
[EventType "tourn"]
[EventRounds "1"]
[SourceDate "2016.04.07"]

1. d4 Nf6 2. c4 e6 3. Nc3 Bb4 4. f3 d5 5. a3 Bxc3+ 6. bxc3 c5 7. cxd5 Nxd5 8.
dxc5 Qa5 9. e4 Ne7 10. Be3 O-O 11. Qb3 Qc7 12. Bb5 Nec6 13. Ne2 e5 14. Rd1 Be6
15. Rd5 Na5 16. Qa4 a6 17. Bd3 Nd7 18. Qb4 Rac8 19. Rd6 Nb3 20. Bc2 Nbxc5 21.
Rd1 b5 22. Kf2 Bc4 23. Rhe1 a5 24. Qb1 Nb6 25. Nc1 h6 26. Nd3 Nxd3+ 27. Bxd3
Na4 28. Qa1 Rfd8 29. Bc2 Nc5 30. Qb1 Qc6 31. Rxd8+ Rxd8 32. Rd1 Rd6 33. Rxd6
Qxd6 34. Kg3 Ne6 35. a4 Nf4 36. Kf2 b4 37. cxb4 axb4 38. Bb3 Nd3+ 39. Kg1 Ba6
40. Qc2 Ne1 41. Qd2 Qd3 42. Qxd3 Nxd3 43. Bc2 Ne1 44. Bb1 Bd3 45. Kf2 Bxb1 $11
1/2-1/2

[Event "167th YMCA Spring A"]
[Site "Warsaw"]
[Date "2016.04.14"]
[Round "1"]
[White "Praczukowski, Stanislaw"]
[Black "Bajkowski, Marcin"]
[Result "1-0"]
[WhiteElo "2073"]
[BlackElo "1910"]
[PlyCount "63"]
[EventDate "2016.04.07"]
[EventType "tourn"]
[EventRounds "1"]
[SourceDate "2016.04.07"]

1. Nf3 d5 2. d4 Nf6 3. c4 e6 4. g3 Be7 5. Bg2 O-O 6. O-O Nbd7 7. Qc2 b6 8. cxd5
exd5 9. Bf4 c5 10. Nc3 Bb7 11. Rfd1 c4 12. Ne5 a6 13. Nxc4 b5 14. Nd6 Qb6 15.
Nf5 Rfe8 16. Nxe7+ Rxe7 17. Qb3 Rd8 18. Bg5 h6 19. Bxf6 Nxf6 20. e3 Qd6 21.
Rac1 h5 22. a4 b4 23. Ne2 h4 24. Rc5 hxg3 25. Nxg3 Ng4 26. Qxb4 Qh6 27. h3 Nxe3
28. fxe3 Qxe3+ 29. Kh2 Qf4 30. Rf1 Qd6 31. Qd2 Rde8 32. Qf4 1-0

[Event "167th YMCA Spring A"]
[Site "Warsaw"]
[Date "2016.04.07"]
[Round "1"]
[White "Pietrzak, Wojciech"]
[Black "Piotrowski, Arkadiusz"]
[Result "1/2-1/2"]
[WhiteElo "1856"]
[BlackElo "2006"]
[PlyCount "36"]
[EventDate "2016.04.07"]
[EventType "tourn"]
[EventRounds "1"]
[SourceDate "2016.04.07"]

1. e4 c5 2. Nf3 d6 3. d4 cxd4 4. Nxd4 Nf6 5. Nc3 g6 6. Be3 Bg7 7. Be2 Nc6 8.
Nb3 Bd7 9. O-O Ne5 10. h3 Qc8 11. f4 Nc4 12. Bc1 O-O 13. e5 Ne8 14. Nd5 Kh8 15.
Nxe7 Qc7 16. Nd5 Qc8 17. Ne7 Qc7 18. Nd5 Qc8 1/2-1/2

[Event "167th YMCA Spring A"]
[Site "Warsaw"]
[Date "2016.04.08"]
[Round "1"]
[White "Szymczak, Rafal"]
[Black "Fus, Jakub"]
[Result "1/2-1/2"]
[WhiteElo "2043"]
[BlackElo "1936"]
[PlyCount "126"]
[EventDate "2016.04.07"]
[EventType "tourn"]
[EventRounds "1"]
[SourceDate "2016.04.07"]

1. f4 d5 2. Nf3 g6 3. d4 Bg7 4. e3 Nf6 5. c4 c5 6. cxd5 Nxd5 7. e4 Nc7 8. e5
cxd4 9. Qxd4 O-O 10. Qxd8 Rxd8 11. Nc3 Nc6 12. a3 Bf5 13. Be3 Ne6 14. Be2 Ncd4
15. Nxd4 Nxd4 16. Bxd4 Rxd4 17. g3 f6 18. exf6 Bxf6 19. Rd1 Rad8 20. Rxd4 Rxd4
21. Rf1 Rd7 22. Bb5 Rc7 23. Kd2 Bd4 24. Re1 Kf8 25. Ba4 Rc8 26. Bb3 Rd8 27. Kc1
Bxc3 28. bxc3 Rd3 29. Rd1 Rxc3+ 30. Kb2 Rc6 31. Rd8+ Kg7 32. Rg8+ Kh6 33. Re8
e6 34. Re7 Rb6 35. h4 Kh5 36. Rc7 Kg4 37. Rc3 Be4 38. Ka2 Bd5 39. Bxd5 exd5 40.
Rd3 Rd6 41. Kb3 b5 42. Kb4 a6 43. Kc5 Rd8 44. Kb6 Kf5 45. Rd4 Rd6+ 46. Kc5 Ke6
47. g4 h6 48. h5 gxh5 49. gxh5 Rd7 50. Kc6 Rd6+ 51. Kc5 Rd8 52. Rd3 Rc8+ 53.
Kb6 Rc4 54. Kxa6 b4 55. a4 b3 56. Rxb3 Rxa4+ 57. Kb7 d4 58. Rb6+ Kd5 59. Rxh6
d3 60. Rh8 Rxf4 61. h6 Rf7+ 62. Kc8 Ke6 63. Rd8 Rh7 1/2-1/2

[Event "167th YMCA Spring A"]
[Site "Warsaw"]
[Date "2016.04.07"]
[Round "1"]
[White "Tychulski, Krzysztof"]
[Black "Borowy, Cezary"]
[Result "1-0"]
[WhiteElo "1885"]
[BlackElo "2026"]
[PlyCount "57"]
[EventDate "2016.04.07"]
[EventType "tourn"]
[EventRounds "1"]
[SourceDate "2016.04.07"]

1. Nf3 e6 2. c4 b6 3. g3 Bb7 4. Bg2 f5 5. O-O Nf6 6. Nc3 Bb4 7. Qc2 O-O 8. a3
Bxc3 9. Qxc3 d6 10. b4 Nbd7 11. Bb2 e5 12. d4 e4 13. Ng5 Qe7 14. d5 Rfc8 15.
Ne6 c6 16. dxc6 Rxc6 17. Nd4 Rcc8 18. Nxf5 Qe6 19. Bh3 Kh8 20. Qd2 Rxc4 21.
Qxd6 Qf7 22. Rac1 Rxc1 23. Rxc1 Qh5 24. Nxg7 Qxh3 25. Bxf6 Qh6 26. Ne8+ Nxf6
27. Qxf6+ Qxf6 28. Nxf6 Kg7 29. Rc7+ 1-0

[Event "167th YMCA Spring A"]
[Site "Warsaw"]
[Date "2016.04.08"]
[Round "1"]
[White "Kasperkiewicz, Pawel"]
[Black "Moscicka, Pola"]
[Result "1-0"]
[WhiteElo "1923"]
[BlackElo "1840"]
[PlyCount "75"]
[EventDate "2016.04.07"]
[EventType "tourn"]
[EventRounds "1"]
[SourceDate "2016.04.07"]

1. c4 e5 2. Nc3 Nc6 3. g3 g6 4. Bg2 Bg7 5. Rb1 f5 6. b4 Nf6 7. b5 Ne7 8. Bb2 d5
9. cxd5 Nexd5 10. Nxd5 Nxd5 11. Nf3 Qd6 12. O-O Be6 13. Ng5 O-O-O 14. Nxe6 Qxe6
15. Qb3 Rhe8 16. d3 Nb6 17. Qc2 g5 18. a4 f4 19. Rfc1 Re7 20. a5 Nd5 21. Ba3
Rf7 22. Bc5 Kb8 23. Bxa7+ Kxa7 24. b6+ Kb8 25. bxc7+ Rxc7 26. Qxc7+ Nxc7 27.
Rxb7+ Ka8 28. Rbxc7+ e4 29. Bxe4+ Qxe4 30. dxe4 Be5 31. Rc8+ Rxc8 32. Rxc8+ Kb7
33. Rc5 Bf6 34. Rf5 Bd8 35. Rd5 Bf6 36. a6+ Ka7 37. e5 Bh8 38. e6 1-0

[Event "167th YMCA Spring A"]
[Site "Warsaw"]
[Date "2016.04.14"]
[Round "2"]
[White "Borowy, Cezary"]
[Black "Kasperkiewicz, Pawel"]
[Result "1-0"]
[WhiteElo "2026"]
[BlackElo "1923"]
[PlyCount "117"]
[EventDate "2016.04.07"]
[EventType "tourn"]
[EventRounds "1"]
[SourceDate "2016.04.07"]

1. e4 e6 2. b3 d5 3. Bb2 Nf6 4. exd5 exd5 5. Nf3 Be7 6. Be2 O-O 7. O-O c5 8. d4
Nc6 9. Nc3 a6 10. Na4 cxd4 11. Nxd4 Ne5 12. Nf3 Ng6 13. Qd4 Rb8 14. Qb6 Nf4 15.
Rfe1 Qxb6 16. Nxb6 Bb4 17. Be5 Bxe1 18. Rxe1 Nxe2+ 19. Rxe2 Re8 20. Kf1 Bg4 21.
Bxb8 Rxb8 22. Re7 Kf8 23. Rc7 Bxf3 24. gxf3 Re8 25. Rxb7 Rc8 26. Nd7+ Nxd7 27.
Rxd7 Rc6 28. Rxd5 Rxc2 29. Ra5 Rc6 30. Ke2 Ke7 31. f4 g6 32. Kf3 Kf6 33. Ke4
Rb6 34. a3 Rxb3 35. Rxa6+ Kg7 36. a4 Rb2 37. Kf3 Ra2 38. Kg3 Ra3+ 39. f3 Ra1
40. a5 Rg1+ 41. Kf2 Ra1 42. Ke3 Rh1 43. f5 g5 44. f4 g4 45. Kf2 h5 46. Kg3 Rf1
47. Kh4 Rxf4 48. Kg5 Rf2 49. f6+ Kh7 50. Ra7 Rxh2 51. Rxf7+ Kg8 52. Rg7+ Kf8
53. a6 Ra2 54. Ra7 Rc2 55. Kg6 Rc8 56. Rf7+ Kg8 57. Rg7+ Kh8 58. Rh7+ Kg8 59.
f7+ 1-0

[Event "167th YMCA Spring A"]
[Site "Warsaw"]
[Date "2016.04.14"]
[Round "2"]
[White "Fus, Jakub"]
[Black "Tychulski, Krzysztof"]
[Result "1/2-1/2"]
[WhiteElo "1936"]
[BlackElo "1885"]
[PlyCount "92"]
[EventDate "2016.04.07"]
[EventType "tourn"]
[EventRounds "1"]
[SourceDate "2016.04.07"]

1. d4 Nf6 2. c4 e6 3. Nf3 b6 4. g3 Ba6 5. Qa4 Bb7 6. Bg2 c5 7. dxc5 Bxc5 8. O-O
O-O 9. Nc3 Qc8 10. Bf4 d5 11. cxd5 Nxd5 12. Nxd5 Bxd5 13. Rfc1 Qa6 14. Qc2 Rc8
15. e4 Bc6 16. Ne5 f6 17. Nd3 Nd7 18. Nxc5 Nxc5 19. Bf1 Qb7 20. f3 a5 21. Be3
Be8 22. Qf2 Nd7 23. Bc4 Bf7 24. Bb5 Ne5 25. Qe2 Rxc1+ 26. Rxc1 Rd8 27. f4 Ng6
28. Bc6 Qb8 29. Qb5 Ne7 30. Bxb6 Rc8 31. Rc3 Nxc6 32. Rxc6 Be8 33. Rxc8 Qxc8
34. Qe2 a4 35. Kf2 Qb7 36. Bd4 Bc6 37. Qc4 Qd7 38. Bc3 Bb5 39. Qd4 Qxd4+ $11
40. Bxd4 Bc4 41. a3 Bb3 42. Ke3 f5 43. exf5 exf5 44. Bc3 Kf7 45. Kd4 Ke6 46.
Kc5 g6 1/2-1/2

[Event "167th YMCA Spring A"]
[Site "Warsaw"]
[Date "2016.04.13"]
[Round "2"]
[White "Piotrowski, Arkadiusz"]
[Black "Szymczak, Rafal"]
[Result "1/2-1/2"]
[WhiteElo "2006"]
[BlackElo "2043"]
[PlyCount "63"]
[EventDate "2016.04.07"]
[EventType "tourn"]
[EventRounds "1"]
[SourceDate "2016.04.07"]

1. d4 d5 2. Nf3 e6 3. c4 f5 4. Nc3 Nf6 5. g3 c6 6. Bg2 Bd6 7. O-O O-O 8. c5 Bc7
9. b4 Ne4 10. Qc2 Nd7 11. Bf4 Ndf6 12. Bxc7 Qxc7 13. Ne5 Bd7 14. Rfb1 Nxc3 15.
Qxc3 a6 16. e3 Be8 17. a4 Nd7 18. Nd3 Bh5 19. Kf1 g5 20. f4 h6 21. Ke1 Nf6 22.
Ne5 Nd7 23. Nd3 Nf6 24. Ne5 Nd7 25. Nxd7 Qxd7 26. a5 Qg7 27. Kd2 Be8 28. Rh1 g4
29. Rag1 h5 30. h3 Bg6 31. Bf1 Kf7 32. h4 1/2-1/2

[Event "167th YMCA Spring A"]
[Site "Warsaw"]
[Date "2016.04.13"]
[Round "2"]
[White "Bajkowski, Marcin"]
[Black "Pietrzak, Wojciech"]
[Result "0-1"]
[WhiteElo "1910"]
[BlackElo "1856"]
[PlyCount "86"]
[EventDate "2016.04.07"]
[EventType "tourn"]
[EventRounds "1"]
[SourceDate "2016.04.07"]

1. e4 c5 2. Nf3 d6 3. d4 cxd4 4. Nxd4 Nf6 5. Nc3 g6 6. Be3 Bg7 7. Bc4 O-O 8. f3
Nc6 9. Qd2 Bd7 10. O-O-O Rb8 11. g4 Na5 12. Bb3 b5 13. Nd5 Nxd5 14. exd5 Nc4
15. Qe2 Nxe3 16. Qxe3 a5 17. a3 a4 18. Ba2 b4 19. axb4 Rxb4 20. c3 Qc7 21. Nc6
Bxc6 22. cxb4 Bxd5+ 23. Kb1 Bxa2+ 24. Kxa2 Qc4+ 25. Kb1 Rb8 26. Qa3 Qxb4 27.
Qxb4 Rxb4 28. Rd2 a3 29. Rc1 Bxb2 30. Rc8+ Kg7 31. Ka2 Kf6 32. Rc7 Rf4 33. Rd3
e6 34. Rc6 d5 35. Rxd5 Rxf3 36. g5+ Kg7 37. Rd7 e5 38. Rc8 h6 39. h4 hxg5 40.
hxg5 Rf5 41. Rcc7 e4 42. Re7 Be5 43. Rc4 Rf2+ 0-1

[Event "167th YMCA Spring A"]
[Site "Warsaw"]
[Date "2016.04.24"]
[Round "2"]
[White "Kokoszczynski, Jan"]
[Black "Praczukowski, Stanislaw"]
[Result "1/2-1/2"]
[WhiteElo "1983"]
[BlackElo "2073"]
[PlyCount "61"]
[EventDate "2016.04.07"]
[EventType "tourn"]
[EventRounds "1"]
[SourceDate "2016.04.07"]

1. e4 e6 2. d4 d5 3. Nd2 c5 4. exd5 Qxd5 5. Ngf3 cxd4 6. Bc4 Qd6 7. O-O Nf6 8.
Nb3 Nc6 9. Nbxd4 Nxd4 10. Nxd4 a6 11. Re1 Qc7 12. Bb3 Bd6 13. Nf5 Bxh2+ 14. Kh1
O-O 15. Nxg7 Rd8 16. Qf3 Kxg7 17. Bh6+ Kg6 18. c3 Nh5 19. Bc1 f5 20. Bc2 Bf4
21. g4 Ng3+ 22. fxg3 Bxc1 23. gxf5+ exf5 24. Raxc1 Qc6 25. Qxc6+ bxc6 26. Re2
Kg5 27. Kg2 Rb8 28. b3 Rb7 29. Rf1 Rf7 30. Rf4 Rd6 31. Ref2 $11 1/2-1/2

[Event "167th YMCA Spring A"]
[Site "Warsaw"]
[Date "2016.04.14"]
[Round "2"]
[White "Golecki, Jan"]
[Black "Choroszej, Aleksander"]
[Result "0-1"]
[WhiteElo "1880"]
[BlackElo "1959"]
[PlyCount "66"]
[EventDate "2016.04.07"]
[EventType "tourn"]
[EventRounds "1"]
[SourceDate "2016.04.07"]

1. e4 g6 2. d4 Bg7 3. Nf3 d6 4. Bc4 Nf6 5. Nc3 O-O 6. Qe2 c6 7. e5 Nd5 8. Bd2
Nxc3 9. Bxc3 d5 10. Bd3 Bg4 11. h3 Bxf3 12. gxf3 e6 13. h4 h5 14. O-O-O b6 15.
Bb4 Re8 16. Rdg1 c5 17. dxc5 Nc6 18. Bd2 Nxe5 19. c6 Nxd3+ 20. Qxd3 Rc8 21. Rg2
Rxc6 22. Rhg1 e5 23. Kb1 Qd6 24. Qb5 Rec8 25. Bb4 Qe6 26. Bc3 d4 27. Bd2 Rxc2
28. Qd3 R2c6 29. Re1 Qc4 30. Qa3 Qc2+ 31. Ka1 Qc1+ 32. Rxc1 Rxc1+ 33. Bxc1
Rxc1# 0-1

[Event "167th YMCA Spring A"]
[Site "Warsaw"]
[Date "2016.04.19"]
[Round "3"]
[White "Praczukowski, Stanislaw"]
[Black "Golecki, Jan"]
[Result "0-1"]
[WhiteElo "2073"]
[BlackElo "1880"]
[PlyCount "74"]
[EventDate "2016.04.07"]
[EventType "tourn"]
[EventRounds "1"]
[SourceDate "2016.04.07"]

1. d4 d5 2. c4 e6 3. Nf3 Nf6 4. g3 dxc4 5. Bg2 Nc6 6. O-O Rb8 7. a4 a6 8. e3
Bd7 9. a5 Bb4 10. Bd2 O-O 11. Ne5 Bxd2 12. Nxd7 Qxd7 13. Nxd2 e5 14. dxe5 Nxe5
15. Qc2 Qe6 16. Rfc1 Nd3 17. Rd1 Nxf2 18. Rf1 N2g4 19. Nxc4 Nxe3 20. Nxe3 Qxe3+
21. Kh1 c6 22. Rae1 Qh6 23. Rf4 Rfe8 24. Ref1 Qg6 25. Qb3 Red8 26. Rf5 Nd5 27.
h4 Qe6 28. R5f3 Nf6 29. Qb6 Rd7 30. Qc5 Ne4 31. Qa7 Re8 32. Ra3 c5 33. Rff3
Rd1+ 34. Kh2 Nf6 35. Bh3 Rh1+ 36. Kxh1 Qxh3+ 37. Kg1 Re1+ 0-1

[Event "167th YMCA Spring A"]
[Site "Warsaw"]
[Date "2016.04.20"]
[Round "3"]
[White "Pietrzak, Wojciech"]
[Black "Kokoszczynski, Jan"]
[Result "1-0"]
[WhiteElo "1856"]
[BlackElo "1983"]
[PlyCount "119"]
[EventDate "2016.04.07"]
[EventType "tourn"]
[EventRounds "1"]
[SourceDate "2016.04.07"]

1. e4 c5 2. c3 d5 3. exd5 Qxd5 4. d4 Nf6 5. Nf3 Bg4 6. Qa4+ Bd7 7. Qb3 Qxb3 8.
axb3 e6 9. Na3 cxd4 10. Nb5 Bxb5 11. Bxb5+ Nbd7 12. Nxd4 a6 13. O-O Bc5 14. Rd1
Rd8 15. Be2 O-O 16. Bg5 h6 17. Bh4 g5 18. Bg3 Ne4 19. Bf3 Bxd4 20. Bxe4 Nc5 21.
Bc2 e5 22. b4 Ne6 23. cxd4 Nxd4 24. Bd3 Rfe8 25. f3 Kg7 26. Bf2 f5 27. Bxd4
Rxd4 28. Bxf5 Rxb4 29. Rd7+ Kf6 30. g4 Rxb2 31. Rd6+ Kg7 32. Rc1 Re7 33. Rc8 e4
34. Bxe4 a5 35. Rg6+ Kf7 36. Rcg8 Rd2 37. R8g7+ Kf8 38. Rxe7 Kxe7 39. Rg7+ Kd6
40. Rxb7 Kc5 41. Rc7+ Kb4 42. Rc2 Rd1+ 43. Kf2 a4 44. Ke2 Rd6 45. Rd2 Ra6 46.
Rb2+ Kc3 47. Ra2 Ra5 48. Kd1 Kb3 49. Rd2 a3 50. Bd5+ Kc3 51. Ba2 Re5 52. Re2
Rb5 53. Rc2+ Kd4 54. Kd2 Rb6 55. Rc4+ Ke5 56. Re4+ Kf6 57. Kd3 Rb2 58. Re2 Rb6
59. Kc4 Rb8 60. Bb3 1-0

[Event "167th YMCA Spring A"]
[Site "Warsaw"]
[Date "2016.04.20"]
[Round "3"]
[White "Szymczak, Rafal"]
[Black "Bajkowski, Marcin"]
[Result "1/2-1/2"]
[WhiteElo "2043"]
[BlackElo "1910"]
[PlyCount "23"]
[EventDate "2016.04.07"]
[EventType "tourn"]
[EventRounds "1"]
[SourceDate "2016.04.07"]

1. f4 d5 2. Nf3 g6 3. g3 Bg7 4. Bg2 Nf6 5. O-O O-O 6. d3 c6 7. c3 Qb6+ 8. e3
Bg4 9. h3 Bxf3 10. Bxf3 Nbd7 11. d4 e6 12. Nd2 $11 1/2-1/2

[Event "167th YMCA Spring A"]
[Site "Warsaw"]
[Date "2016.04.20"]
[Round "3"]
[White "Tychulski, Krzysztof"]
[Black "Piotrowski, Arkadiusz"]
[Result "1-0"]
[WhiteElo "1885"]
[BlackElo "2006"]
[PlyCount "109"]
[EventDate "2016.04.07"]
[EventType "tourn"]
[EventRounds "1"]
[SourceDate "2016.04.07"]

1. e4 c6 2. d4 d5 3. Nd2 dxe4 4. Nxe4 Bf5 5. Ng3 Bg6 6. h4 h6 7. h5 Bh7 8. Nf3
Nd7 9. Bd3 Bxd3 10. Qxd3 Qc7 11. Bd2 Ngf6 12. O-O-O O-O-O 13. Ne4 Nxe4 14. Qxe4
Nf6 15. Qe2 e6 16. c4 Bd6 17. Bc3 Rhf8 18. Kb1 Ne8 19. Ne5 Qe7 20. Ba5 Bc7 21.
Bxc7 Nxc7 22. Qe3 Kb8 23. Rh3 Ka8 24. Rg3 Rg8 25. Qf3 Qh4 26. Nxc6 Rd7 27. Rg4
Qh2 28. g3 Qxh5 29. Rxg7 Rxg7 30. Qxh5 bxc6 31. Qxh6 Rg8 32. Qh7 Rgd8 33. Qe4
Rd6 34. g4 Kb8 35. Rd3 Kc8 36. b4 a5 37. bxa5 Na6 38. Qe5 R6d7 39. a3 Rb7+ 40.
Kc2 Rbd7 41. g5 c5 42. d5 Rd6 43. Rf3 exd5 44. Rxf7 dxc4 45. g6 Nc7 46. Rxc7+
Kxc7 47. Qxc5+ Kb8 48. g7 Rd2+ 49. Kc3 R2d3+ 50. Kb4 Rb3+ 51. Ka4 Rb7 52. a6
Rbd7 53. Qf8 Rd4 54. g8=Q c3+ 55. Kb3 1-0

[Event "167th YMCA Spring A"]
[Site "Warsaw"]
[Date "2016.04.26"]
[Round "3"]
[White "Kasperkiewicz, Pawel"]
[Black "Fus, Jakub"]
[Result "0-1"]
[WhiteElo "1923"]
[BlackElo "1936"]
[PlyCount "142"]
[EventDate "2016.04.07"]
[EventType "tourn"]
[EventRounds "1"]
[SourceDate "2016.04.07"]

1. c4 e5 2. Nc3 Bb4 3. Nf3 Nc6 4. g3 Nf6 5. Bg2 d6 6. O-O O-O 7. Nd5 Bc5 8. d3
Nxd5 9. cxd5 Ne7 10. d4 exd4 11. Nxd4 Bd7 12. b4 Bb6 13. Bb2 a5 14. a3 axb4 15.
axb4 Rxa1 16. Qxa1 Qa8 17. Nb3 Qxa1 18. Rxa1 Bb5 19. Na5 Ra8 20. e3 Bxa5 21.
bxa5 c6 22. dxc6 Bxc6 23. e4 f6 24. Bc3 Kf7 25. Rd1 Rd8 26. Bb4 Nc8 27. f4 Ke7
28. Bh3 Bd7 29. Bf1 Bc6 30. Bg2 Kd7 31. Kf2 Kc7 32. g4 Na7 33. h4 Nb5 34. g5
Rf8 35. Ke3 f5 36. Bf1 Re8 37. Bxb5 Rxe4+ 38. Kf2 Rxf4+ 39. Kg3 Rg4+ 40. Kh3
Rxb4 41. Bxc6 Kxc6 42. Rc1+ Kd7 43. Rc3 d5 44. Rc5 Kd6 45. Rc8 d4 46. Rd8+ Ke5
47. Rd7 Ke6 48. Rd8 Rb5 49. Rxd4 Rxa5 50. Rd8 Rd5 51. Rh8 Kf7 52. Rb8 Rd7 53.
h5 g6 54. h6 Ke6 55. Kg3 Kd6 56. Kf4 Kc7 57. Ra8 Re7 58. Rg8 b5 59. Ra8 b4 60.
Ra7+ Kd6 61. Ra6+ Kd5 62. Rb6 Kc4 63. Rc6+ Kd3 64. Rb6 Kc3 65. Rc6+ Kb2 66. Kf3
b3 67. Rb6 Ka2 68. Rb8 b2 69. Ra8+ Kb1 70. Rb8 Rc7 71. Rb6 Kc1 0-1

[Event "167th YMCA Spring A"]
[Site "Warsaw"]
[Date "2016.04.19"]
[Round "3"]
[White "Moscicka, Pola"]
[Black "Borowy, Cezary"]
[Result "0-1"]
[WhiteElo "1840"]
[BlackElo "2026"]
[PlyCount "112"]
[EventDate "2016.04.07"]
[EventType "tourn"]
[EventRounds "1"]
[SourceDate "2016.04.07"]

1. d4 e6 2. c4 b6 3. Nc3 Bb7 4. e4 Bb4 5. Bd3 f5 6. d5 fxe4 7. Bxe4 Qh4 8. Qe2
Nf6 9. Bf3 O-O 10. dxe6 Nc6 11. Be3 Ne4 12. Bxe4 Qxe4 13. Nf3 Bxc3+ 14. bxc3
dxe6 15. Bd4 Nxd4 16. cxd4 Qg4 17. O-O-O Qxg2 18. Qxe6+ Kh8 19. Nd2 Qxf2 20. d5
Rae8 21. Qd7 Qd4 22. Qb5 Qc3+ 23. Kb1 c6 24. dxc6 Bc8 25. Qb2 Qd3+ 26. Ka1 Kg8
27. Rhg1 g6 28. h4 Rd8 29. h5 Rf2 30. h6 Rd4 31. Rge1 Kf7 32. Rf1 Rxf1 33.
Rxf1+ Qxf1+ 34. Nxf1 Rd1+ 35. Qb1 Rxb1+ 36. Kxb1 g5 37. Kc1 Kg6 38. Kd2 Kxh6
39. Ng3 Kg6 40. Ke3 Kf6 41. Ne4+ Ke7 42. Nxg5 h5 43. Ne4 h4 44. Kf4 Kd8 45. Nd6
a6 46. Nf7+ Kc7 47. Ne5 Kd6 48. Ng6 h3 49. Kg3 Bf5 50. Nh4 Be6 51. Nf3 Kxc6 52.
Nd4+ Kd6 53. Nxe6 Kxe6 54. Kxh3 Ke5 55. Kg3 Kd4 56. Kf2 Kxc4 0-1

[Event "167th YMCA Spring A"]
[Site "Warsaw"]
[Date "2016.04.25"]
[Round "4"]
[White "Fus, Jakub"]
[Black "Moscicka, Pola"]
[Result "1-0"]
[WhiteElo "1936"]
[BlackElo "1840"]
[PlyCount "53"]
[EventDate "2016.04.07"]
[EventType "tourn"]
[EventRounds "1"]
[SourceDate "2016.04.07"]

1. d4 Nf6 2. c4 e6 3. Nf3 b6 4. g3 Bb7 5. Bg2 c5 6. d5 exd5 7. Nh4 Be7 8. Nf5
O-O 9. Nc3 Re8 10. O-O Qc8 11. Nb5 Qc6 12. Bf4 Na6 13. Nbd6 Bxd6 14. Nxd6 Rf8
15. cxd5 Qc7 16. Nxf7 Qc8 17. Nd6 Qc7 18. Nxb7 Qxb7 19. d6 Ne4 20. Be5 Rae8 21.
f4 c4 22. Qd4 Nac5 23. Qxc4+ Kh8 24. b4 b5 25. Qd4 Ne6 26. Qxe4 Qxe4 27. Bxe4
1-0

[Event "167th YMCA Spring A"]
[Site "Warsaw"]
[Date "2016.04.27"]
[Round "4"]
[White "Piotrowski, Arkadiusz"]
[Black "Kasperkiewicz, Pawel"]
[Result "0-1"]
[WhiteElo "2006"]
[BlackElo "1923"]
[PlyCount "116"]
[EventDate "2016.04.07"]
[EventType "tourn"]
[EventRounds "1"]
[SourceDate "2016.04.07"]

1. e4 e6 2. d4 d5 3. exd5 exd5 4. Nf3 Bd6 5. Bd3 Nc6 6. O-O Nge7 7. c3 Bg4 8.
Re1 Qd7 9. Nbd2 f6 10. Nf1 O-O-O 11. b4 g5 12. Ne3 Bh5 13. Be2 Bg6 14. Qa4 a6
15. Qb3 Na7 16. a4 c6 17. Bb2 Bf4 18. c4 Bf7 19. b5 Bxe3 20. fxe3 dxc4 21. Bxc4
Bxc4 22. Qxc4 axb5 23. axb5 Nxb5 24. Rec1 Qd5 25. Qb4 Nd6 26. Ba3 g4 27. Nd2
Nef5 28. Re1 Rhe8 29. Qc3 h5 30. Bxd6 Nxd6 31. Ra5 Nb5 32. Qa1 h4 33. Ra4 f5
34. Nc4 Kc7 35. Ne5 h3 36. Re2 hxg2 37. Rxg2 Qb3 38. Nc4 Nc3 39. Ra7 Qd1+ 40.
Qxd1 Nxd1 41. Rg3 Ra8 42. Ra3 Rxa3 43. Nxa3 Nc3 44. Kf1 Ra8 45. Nc2 Ra2 46. Rg2
Nd5 47. Ke1 b5 48. Rf2 b4 49. Nxb4 Nxb4 50. Rxf5 Rxh2 51. Rg5 Nc2+ 52. Kd1
Nxe3+ 53. Kc1 Rc2+ 54. Kb1 Rd2 55. Re5 Re2 56. Rg5 Kb6 57. Rg6 Rg2 58. Rg5 Nd5
0-1

[Event "167th YMCA Spring A"]
[Site "Warsaw"]
[Date "2016.04.22"]
[Round "4"]
[White "Kokoszczynski, Jan"]
[Black "Szymczak, Rafal"]
[Result "1/2-1/2"]
[WhiteElo "1983"]
[BlackElo "2043"]
[PlyCount "36"]
[EventDate "2016.04.07"]
[EventType "tourn"]
[EventRounds "1"]
[SourceDate "2016.04.07"]

1. e4 c6 2. d4 d5 3. exd5 cxd5 4. Bd3 Nc6 5. c3 Nf6 6. h3 g6 7. Nf3 Bg7 8. O-O
O-O 9. Bf4 Bf5 10. Bxf5 gxf5 11. Ne5 e6 12. Kh1 Nxe5 13. Bxe5 Ne4 14. f3 Nd6
15. Bxg7 Kxg7 16. Nd2 f4 17. Qe2 Qf6 18. Rfe1 Nf5 $11 1/2-1/2

[Event "167th YMCA Spring A"]
[Site "Warsaw"]
[Date "2016.04.28"]
[Round "4"]
[White "Golecki, Jan"]
[Black "Pietrzak, Wojciech"]
[Result "0-1"]
[WhiteElo "1880"]
[BlackElo "1856"]
[PlyCount "50"]
[EventDate "2016.04.07"]
[EventType "tourn"]
[EventRounds "1"]
[SourceDate "2016.04.07"]

1. e4 e6 2. d4 d5 3. Nd2 Be7 4. c3 c5 5. e5 Qc7 6. Bd3 Nc6 7. Ne2 Bd7 8. O-O c4
9. Bb1 f6 10. Nf4 O-O-O 11. exf6 Nxf6 12. Nf3 Bd6 13. g3 Rde8 14. Re1 Nd8 15.
b3 Nf7 16. bxc4 dxc4 17. Be3 g5 18. Ng2 Rhg8 19. a4 Bc6 20. Nd2 Bd5 21. a5 h5
22. Nf1 Qc6 23. Bc2 Bf3 24. d5 Bxd1 25. dxc6 Bxc2 $138 0-1

[Event "167th YMCA Spring A"]
[Site "Warsaw"]
[Date "2016.04.26"]
[Round "4"]
[White "Choroszej, Aleksander"]
[Black "Praczukowski, Stanislaw"]
[Result "1/2-1/2"]
[WhiteElo "1959"]
[BlackElo "2073"]
[PlyCount "240"]
[EventDate "2016.04.07"]
[EventType "tourn"]
[EventRounds "1"]
[SourceDate "2016.04.07"]

1. d4 Nf6 2. c4 e6 3. Nc3 Bb4 4. f3 O-O 5. a3 Bxc3+ 6. bxc3 Nh5 7. Nh3 f5 8.
Bg5 Qe8 9. e3 d6 10. Be2 Nf6 11. O-O e5 12. Qd2 Nc6 13. Nf2 Qg6 14. Bxf6 Qxf6
15. Rab1 b6 16. c5 dxc5 17. dxc5 Be6 18. Rfd1 Qe7 19. Nd3 Rfd8 20. Qc2 g6 21.
Qa4 Bd7 22. Qc4+ Qf7 23. Nb4 Be6 24. Qh4 Ne7 25. Bb5 Qf8 26. Bc4 Bxc4 27. Qxc4+
Qf7 28. Qb5 Nd5 29. Nxd5 Rxd5 30. Qc6 Rad8 31. Rxd5 Rxd5 32. cxb6 axb6 33. Rb5
Rd1+ 34. Kf2 f4 35. exf4 exf4 36. Re5 Rd6 37. Qe8+ Qxe8 38. Rxe8+ Kf7 39. Re4
Rd2+ 40. Kf1 g5 41. h4 h6 42. hxg5 hxg5 43. a4 Ra2 44. Kg1 Ra3 45. Rc4 c5 46.
Kh2 Ke6 47. Re4+ Kf5 48. Rc4 g4 49. fxg4+ Kxg4 50. Re4 Rxc3 51. Re8 Ra3 52. Rb8
Rxa4 53. Rxb6 Ra2 54. Rg6+ Kf5 55. Rc6 Rc2 56. Rc8 Ke4 57. Re8+ Kd3 58. Rd8+
Ke3 59. Re8+ Kf2 60. Re4 c4 61. Rxf4+ Ke3 62. Rf8 Rd2 63. Kh3 Rd5 64. g4 Rc5
65. Rf5 Rc8 66. g5 c3 67. Rf1 c2 68. Kg4 c1=Q 69. Rxc1 Rxc1 70. Kf5 Rc5+ 71.
Kf6 Kf4 72. g6 Rc6+ 73. Kf7 Kf5 74. g7 Rc7+ 75. Kf8 Rc8+ 76. Kf7 Rc7+ 77. Kf8
Kf6 78. g8=N+ Ke6 79. Nh6 Rh7 80. Ng8 Rf7+ 81. Ke8 Rf4 82. Nh6 Kf6 83. Ng8+ Ke6
84. Nh6 Rf6 85. Ng8 Rg6 86. Kf8 Rg1 87. Nh6 Rg2 88. Ng8 Rg6 89. Ne7 Rf6+ 90.
Ke8 Rf7 91. Ng6 Ra7 92. Nf8+ Kd6 93. Ng6 Rg7 94. Nf8 Re7+ 95. Kd8 Re4 96. Ng6
Re1 97. Nf8 Re7 98. Ng6 Rf7 99. Ke8 Ke6 100. Nf8+ Kf6 101. Nd7+ Kg7 102. Kd8
Rf1 103. Kc7 Kf7 104. Kd6 Rd1+ 105. Kc6 Ke7 106. Nc5 Rd2 107. Kb5 Kd8 108. Kc6
Kc8 109. Kb5 Kc7 110. Kc4 Kc6 111. Ne4 Rd5 112. Nc3 Rh5 113. Kd4 Rh4+ 114. Ne4
Rh5 115. Nc3 Kd6 116. Ne4+ Ke6 117. Nc5+ Kf5 118. Nd3 Rh8 119. Nc5 Rc8 120. Kd5
Rxc5+ 1/2-1/2